| 000 | 00810 a2200205 4500 | ||
|---|---|---|---|
| 003 | Nust | ||
| 005 | 20220817113646.0 | ||
| 010 | _a 88016616 | ||
| 020 | _a8129707578 | ||
| 040 | _cNust | ||
| 082 | 0 | 0 | _a005.133,KOE |
| 100 | 1 |
_aKoenig, Andrew. _997694 |
|
| 245 | 1 | 0 |
_aC traps and pitfalls / _cAndrew Koenig. |
| 250 | _alow price edition | ||
| 260 |
_aReading, Mass. : _bAddison-Wesley, _c[1988], c1989. |
||
| 300 |
_axi, 146 p. ; _c24 cm. |
||
| 505 | _aIntroduction (Page-1), Lexical Pitfalls (Page-5), Syntactic Pitfalls (Page-13), Semantic Pitfalls (Page-27), Link Gage (Page-53), Library Function (Page-69) The Pre processors (Page-77), Portability (Page-77), Portability (Page-85), Advice and Answers (Page-101). | ||
| 650 | 0 |
_aC (Computer program language) _91226 |
|
| 942 |
_2ddc _cBK _k005.133,KOE |
||
| 999 |
_c179319 _d179319 |
||